[Event "Chigorin Memorial 23rd"]
[Site "St Petersburg"]
[Date "2015.10.07"]
[Round "5"]
[White "Ponfilenok, Vladimir"]
[Black "Vorobjev, Dmitry"]
[Result "1-0"]
[WhiteElo "2395"]
[BlackElo "2163"]
[PlyCount "61"]
[EventDate "2015.10.03"]
[EventType "swiss"]
[EventRounds "9"]
[EventCountry "RUS"]
[SourceTitle "CBM 168 Extra"]
[Source "ChessBase"]
[SourceDate "2015.10.29"]
[SourceVersion "1"]
[SourceVersionDate "2015.10.29"]
[SourceQuality "1"]

1. d4 Nf6 2. Nf3 g6 3. g3 Bg7 4. Bg2 0-0 5. 0-0 d6 6. c4 Nc6 7. Nc3 a6 8. Bf4 Rb8 9. Rc1 b5 10. Nd5 b4 11. Nxf6+ Bxf6 12. d5 Na7 13. Bh6 Re8 14. Nd4 e6 15. Be3 Bd7 16. dxe6 fxe6 17. Nxe6 Bxe6 18. Bxa7 Bxb2 19. Rc2 Ra8 20. Bxa8 Qxa8 21. Rxb2 Qxa7 22. Rxb4 Rf8 23. Qb3 Bh3 24. c5+ Kg7 25. Qc3+ Kg8 26. Rc1 Qa8 27. Qb3+ Kg7 28. Rb7 Rb8 29. Rxc7+ Kh6 30. Qe3+ g5 31. c6 1-0

[Event "Chigorin Memorial 23rd"]
[Site "St Petersburg"]
[Date "2015.10.06"]
[Round "4"]
[White "Mesnyankin, Nikita"]
[Black "Ponfilenok, Vladimir"]
[Result "0-1"]
[WhiteElo "2218"]
[BlackElo "2395"]
[PlyCount "82"]
[EventDate "2015.10.03"]
[EventType "swiss"]
[EventRounds "9"]
[EventCountry "RUS"]
[SourceTitle "CBM 168 Extra"]
[Source "ChessBase"]
[SourceDate "2015.10.29"]
[SourceVersion "1"]
[SourceVersionDate "2015.10.29"]
[SourceQuality "1"]

1. e4 e6 2. d4 d5 3. Nc3 Bb4 4. e5 c5 5. a3 Bxc3+ 6. bxc3 Ne7 7. h4 Qa5 8. Bd2 Qa4 9. Qb1 c4 10. h5 h6 11. Nf3 Nbc6 12. Be2 Bd7 13. 0-0 0-0-0 14. Nh4 Rdg8 15. Qc1 Qa5 16. a4 Rh7 17. Ra3 Qd8 18. Ra1 f6 19. f4 f5 20. Be1 Be8 21. Qe3 g5 22. hxg6 Nxg6 23. Nxg6 Bxg6 24. Qh3 Qe8 25. Kf2 Qd8 26. Bd2 h5 27. Ke3 h4 28. Be1 Rgh8 29. Bf2 Bh5 30. Rh1 Qa5 31. Kd2 Bxe2 32. Kxe2 Rg8 33. Qf3 Rg4 34. g3 Ne7 35. Rxh4 Rhxh4 36. gxh4 Ng6 37. Bg3 Nxh4 38. Bxh4 Rxh4 39. Rg1 Qxa4 40. Rg8+ Kc7 41. Kd2 Qa1 0-1